000 00491nam a2200157 i 4500
001 82648
003 ES-MaACL
005 20230906174717.0
007 t|
008 041111s1971 sp ||||1| spa d
245 0 0 _aIniciación a la práctica de las estadísticas /
_ccurso programado por Sema ; [traducido por José Armisén].
260 _aMadrid :
_bParaninfo,
_c1971.
300 _a243 p. :
_bil. ;
_c22 cm.
700 1 _aArmisén, José.
_922990
852 _aES-MaACL
_jC-45168
_bR.78712
999 _c82648
_d82648